Normal view
MARC view
- Branchipoda
Entry Topical Term
001 - CONTROL NUMBER
- control field: 24381
003 - CONTROL NUMBER IDENTIFIER
- control field: OSt
005 - DATE AND TIME OF LATEST TRANSACTION
- control field: 20110801160531.0
008 - FIXED-LENGTH DATA ELEMENTS
- fixed length control field: 110801|||a|||||| | ||| d
040 ## - CATALOGING SOURCE
- Original cataloging agency: OSt
- Transcribing agency: OSt
150 ## - HEADING--TOPICAL TERM
- Topical term or geographic name as entry element: Branchipoda
670 ## - SOURCE DATA FOUND
- Source citation: Work cat.: (OSt): Black, Rhona Macrae 24380, The elements of palaeontology, c1970
670 ## - SOURCE DATA FOUND
- Source citation: Work cat.: (OSt): Black, Rhona Macrae 24380, The elements of palaeontology, c1970
